LEADER 01284nam 2200373 450 001 000006559 005 20070503173300.0 100 $a20001213d1945----km-y0itay0103----ba 101 0 $aeng 102 $aUS 200 1 $aCarl Van Doren$eselected by himself 200 1 $a1 $n0004038 210 $aNew York$c<> Viking press$d1945 215 $aVIII, 628 p.$d17 cm. 225 1 $a<> Viking portable library 676 $a818.52$v(20. ed.)$9Scritti miscellanei americani in lingua inglese. 1900-1945 700 1$aVan Doren,$bCarl$f<1885-1950>$0167388 801 0$aIT$bUniversità della Basilicata - B.I.A.$gRICA$2unimarc 912 $a000006559 996 $aCarl Van Doren$975697 997 $aUNIBAS BAS $aMONLET BAS $aMONOGR BAS $aLETTERE CAT $aGENOVESE$b01$c20001213$lBAS01$h1710 CAT $aTROMBONE$b20$c20001214$lBAS01$h0938 CAT $c20050601$lBAS01$h1753 CAT $abatch$b01$c20050718$lBAS01$h1049 CAT $c20050718$lBAS01$h1108 CAT $c20050718$lBAS01$h1138 CAT $c20050718$lBAS01$h1152 CAT $aBATCH$b00$c20070503$lBAS01$h1733 FMT Z30 -1$lBAS01$LBAS01$mBOOK$1BASA1$APolo Storico-Umanistico$2GEN$BCollezione generale$3FP/4805$64805$5L4805$820001213$f02$FPrestabile Generale LEADER 00881nam2 22002653i 450 001 PUV0399772 005 20231121125614.0 010 $a0471903965 100 $a20141209d1984 ||||0itac50 ba 101 | $aeng 102 $agb 181 1$6z01$ai $bxxxe 182 1$6z01$an 200 0 $a5 210 $aChichester [etc.]$cWiley & Sons$dc1984 215 $aXIII, 436 p.$d24 cm. 461 1$1001MIL0202100$12001 $aFinite elements in fluids$fedited by R. H. Gallagher ... [et al.]$v5 801 3$aIT$bIT-01$c20141209 850 $aIT-FR0099 899 $aBiblioteca Area Ingegneristica$bFR0099 912 $aPUV0399772 950 2$aBiblioteca Area Ingegneristica$d 54INGFA 532 FIN 5$e 54VM 0000361005 VM barcode:BAIN001847. - Inventario:1147VM$fA $h20031031$i20121204 977 $a 54 996 $a5$964425 997 $aUNICAS